=LDR 00000nam 2200000 4500 =001 INLIS000000000006562 =005 20251111090600 =035 ##$$a 0010-1125000436 =007 ta =008 251111###########################0#ind## =082 ##$$a 363.96 =084 ##$$a 363.96 BAD r =100 #$$a Badan Koordinasi Keluarga Berencana Nasional =245 1#$$a Ringkasan Hasil Studi Karakteristik Khalayak Kie Kb /$c Badan Koordinasi Keluarga Berencana Nasional =260 ##$$a Jakarta :$b Badan Koordinasi Keluarga Berencana Nasional =300 ##$$a 14 Hal : $b Ilus ; $c 21 =650 #4$$a Keluarga Berencana =856 ##$$a Perpustakaan Kemendukbangga